[Event "Recife Cacoal op"]
[White "Da Silva, Rubens Pereira"]
[Black "Bandeira, Maria Isabella Sant"]
[Site "Recife"]
[Round "3"]
[Result "1-0"]
[Date "2024.06.01"]
[WhiteElo "1800"]
[BlackElo "1732"]
[PlyCount "135"]
[EventDate "2024.05.31"]
[EventType "swiss"]
[EventRounds "6"]
[EventCountry "BRA"]
[SourceTitle "CBM 220 Extra"]
[Source "ChessBase"]
[SourceDate "2024.07.31"]
[SourceVersion "1"]
[SourceVersionDate "2024.07.31"]
[SourceQuality "1"]

1. e4 e5 2. Nf3 Nc6 3. Bb5 d6 4. Bxc6+ bxc6 5. 0-0 Bg4 6. h3 Bxf3 7. Qxf3 Nf6 8. Nc3 g6 9. g3 Bg7 10. d3 0-0 11. Bg5 h6 12. Bxf6 Bxf6 13. Rad1 Qd7 14. Qxf6 Qxh3 15. Qh4 Qxh4 16. gxh4 Rab8 17. Ne2 Rxb2 18. Rb1 Rxc2 19. Nc1 d5 20. Rb7 dxe4 21. dxe4 Rc8 22. Rxa7 g5 23. hxg5 hxg5 24. Nd3 f6 25. Nb4 Rc4 26. Na6 Kg7 27. Rxc7+ Rxc7 28. Nxc7 Rxe4 29. Ne6+ Kg8 30. Ra1 Rg4+ 31. Kf1 Rh4 32. Kg2 Rc4 33. a4 Kf7 34. Nd8+ Ke7 35. Nb7 Rb4 36. Nc5 Kd6 37. Nd3 Rd4 38. Nb2 Kc7 39. a5 Kb7 40. a6+ Ka7 41. Nd1 Rd3 42. Nb2 Rb3 43. Na4 Rb5 44. Nc3 Rb3 45. Ne4 f5 46. Nd6 f4 47. Nc4 e4 48. Na5 Rb6 49. Nc4 Rb4 50. Nd6 c5 51. Nc8+ Ka8 52. a7 g4 53. Nd6 Rd4 54. Ne8 Rd7 55. Nf6 Re7 56. Nd5 Rf7 57. Nb6+ Kb7 58. a8Q+ Kxb6 59. Qd8+ Rc7 60. Qb8+ Kc6 61. Ra6+ Kd7 62. Qb5+ Kd8 63. Ra8+ Rc8 64. Qb6+ Kd7 65. Qb7+ Kd6 66. Ra6+ Ke5 67. Qxc8 f3+ 68. Kg3 1-0

[Event "Recife Cacoal op"]
[White "Astenreter, Juan Carlos De Souz"]
[Black "Bandeira, Maria Isabella Sant"]
[Site "Recife"]
[Round "1"]
[Result "1-0"]
[Date "2024.05.31"]
[WhiteElo "1563"]
[BlackElo "1732"]
[PlyCount "47"]
[EventDate "2024.05.31"]
[EventType "swiss"]
[EventRounds "6"]
[EventCountry "BRA"]
[SourceTitle "CBM 220 Extra"]
[Source "ChessBase"]
[SourceDate "2024.07.31"]
[SourceVersion "1"]
[SourceVersionDate "2024.07.31"]
[SourceQuality "1"]

1. e4 e5 2. Nf3 Nc6 3. d4 d6 4. dxe5 dxe5 5. Qxd8+ Nxd8 6. Nxe5 Nf6 7. Bd3 Bc5 8. Bd2 0-0 9. Bc3 Ng4 10. Nxg4 Bxg4 11. Nd2 Ne6 12. Nc4 Nf4 13. Ne5 Nxd3+ 14. cxd3 Be6 15. 0-0 Rfe8 16. Rfd1 Bd6 17. Nc4 Bxc4 18. dxc4 Bc5 19. b4 Be7 20. a3 a6 21. Kf1 Kf8 22. f3 f6 23. Ke2 Kf7 24. Ra2 1-0